Southville International School and Colleges
Your cart is empty.
  • Cart
  • Lists
    Public lists Eva Luna New books Lux_list list_1
    Your lists Log in to create your own lists
  • Log in to your account
  • Your cookies
  • Search history
Southville International School and Colleges
  • Advanced search
  • Recent comments
  • Most popular
  • Libraries

Log in to your account

Log in with GOOGLE


If you do not have an external account, but do have a local account, you can still log in:

  1. Home
  2. MARC view: Think and grow rich /
Normal view MARC view ISBD view

Think and grow rich / (Record no. 368451)

[ view plain ]
MARC details
000 -LEADER
fixed length control field 00936nam a22002417a 4500
003 - CONTROL NUMBER IDENTIFIER
control field 0
005 - DATE AND TIME OF LATEST TRANSACTION
control field 20251104114644.0
008 - FIXED-LENGTH DATA ELEMENTS--GENERAL INFORMATION
fixed length control field 251104b xxu||||| |||| 00| 0 eng d
020 ## - INTERNATIONAL STANDARD BOOK NUMBER
International Standard Book Number 978-1-78828-412-7
050 ## - LIBRARY OF CONGRESS CALL NUMBER
Classification number HF 5386
Item number .H55 2023
100 ## - MAIN ENTRY--PERSONAL NAME
Personal name Hill, Napoleon,
Dates associated with a name 1883-1970,
Relator term author.
245 ## - TITLE STATEMENT
Title Think and grow rich /
Statement of responsibility, etc Napoleon Hill.
250 ## - EDITION STATEMENT
Edition statement Arcturus edition.
260 ## - PUBLICATION, DISTRIBUTION, ETC. (IMPRINT)
Place of publication, distribution, etc London :
Name of publisher, distributor, etc Arcturus Publishing Limited,
Date of publication, distribution, etc 2023.
300 ## - PHYSICAL DESCRIPTION
Extent 255 pages ;
Dimensions 23 cm.
500 ## - GENERAL NOTE
General note Originally published in 1937.
504 ## - BIBLIOGRAPHY, ETC. NOTE
Bibliography, etc Includes bibliographical references and index.
520 ## - SUMMARY, ETC.
Summary, etc A motivational self-help classic that presents Napoleon Hill’s philosophy of personal achievement, outlining thirteen principles for attaining success, wealth, and fulfillment through the power of thought and determination.
650 ## - SUBJECT ADDED ENTRY--TOPICAL TERM
Topical term or geographic name as entry element Success.
650 ## - SUBJECT ADDED ENTRY--TOPICAL TERM
Topical term or geographic name as entry element Success in business.
650 ## - SUBJECT ADDED ENTRY--TOPICAL TERM
Topical term or geographic name as entry element Conduct of life.
942 ## - ADDED ENTRY ELEMENTS (KOHA)
Source of classification or shelving scheme Library of Congress Classification
Koha item type Books
Holdings
Withdrawn status Lost status Source of classification or shelving scheme Damaged status Home library Current library Shelving location Date acquired Source of acquisition Total Checkouts Full call number Barcode Date last seen Date checked out Price effective from Koha item type
    Library of Congress Classification   Luxembourg Library Luxembourg Library Teachers Reference Section 11/19/2024 Library Fund 1 HF 5386 .H55 2023 21356 11/04/2025 11/04/2025 11/04/2025 Books

Think and grow rich /

APA

Hill N., . (2023). Think and grow rich. London: Arcturus Publishing Limited.

Chicago

Hill Napoleon, . 2023. Think and grow rich. London: Arcturus Publishing Limited.

Harvard

Hill N., . (2023). Think and grow rich. London: Arcturus Publishing Limited.

MLA

Hill Napoleon, . Think and grow rich. London: Arcturus Publishing Limited. 2023.

  • Place hold
  • Print
  • Cite
  • Add to your cart (remove)
  • Save record
    BIBTEX Dublin Core MARCXML MARC (non-Unicode/MARC-8) MARC (Unicode/UTF-8) MARC (Unicode/UTF-8, Standard) MODS (XML) RIS
  • More searches
    Search for this title in:
    Other Libraries (WorldCat) Other Databases (Google Scholar) Online Stores (Bookfinder.com) Open Library (openlibrary.org)

Exporting to Dublin Core...

SOUTHVILLE LIBRARY

Southville International School and Colleges Library

1281 Tropical Ave. Cor. Luxembourg St., BF Homes International, Las Pinas City

Tel. No. 8256374 / 252358 Loc. 117/146

Powered by Koha